Κατάλογος Βιβλιοθηκών Mediterranean College

Consumer Behavior / 2nd Edition (Record no. 6447)

MARC details
000 -LEADER
fixed length control field 01343cam a22002174a 4500
005 - ΗΜΕΡΟΜΗΝΙΑ ΚΑΙ ΩΡΑ ΤΕΛΕΥΤΑΙΑΣ ΕΝΗΜΕΡΩΣΗΣ
Πεδίο ελέγχου 20250605164243.0
008 - FIXED-LENGTH DATA ELEMENTS--GENERAL INFORMATION
Πεδίο ελέγχου σταθερού μήκους 250528s ||||||||||||||||||||||||d
035 ## - SYSTEM CONTROL NUMBER
System control number 21384
020 ## - ISBN
ISBN 9781446266458
040 ## - ΠΗΓΗ ΚΑΤΑΛΟΓΟΓΡΑΦΗΣΗΣ
Φορέας πρωτότυπης καταλογογράφησης MC Athens Campus Library
Γλώσσα καταλογογράφησης Ελληνικά, Μοντέρνα (1453-)
Modifying agency MC Athens Campus Library
Κανόνες περιγραφικής καταλογογράφησης AACR2
245 1# - ΤΙΤΛΟΣ ΚΑΙ ΔΗΛΩΣΗ ΥΠΕΥΘΥΝΟΤΗΤΑΣ
Τίτλος Consumer Behavior / 2nd Edition
250 ## - EDITION STATEMENT
Edition statement 2nd
260 ## - PUBLICATION, DISTRIBUTION, ETC.
Name of publisher, distributor, etc. Sage Publications,
Date of publication, distribution, etc. 2013
300 ## - PHYSICAL DESCRIPTION
Extent 450
505 0# - FORMATTED CONTENTS NOTE
Formatted contents note Introduction to Consumer Behaviour, The Importance of Understanding Consumer Behaviour, Psychological Issues in Consumer Behaviour, Personality and Self-Concept, Perception, Learning, Attitude Formation and Change, Sociological Issues in Consumer Behaviour, Reference Groups, The family, Decisions and their Aftermath, Innovation, Service Markets, Organisational Buying Behaviour, Consumer Behaviour and the Marketing Mix.
520 ## - SUMMARY, ETC.
Summary, etc. Introduction to Consumer Behaviour, The Importance of Understanding Consumer Behaviour, Psychological Issues in Consumer Behaviour, Personality and Self-Concept, Perception, Learning, Attitude Formation and Change, Sociological Issues in Consumer Behaviour, Reference Groups, The family, Decisions and their Aftermath, Innovation, Service Markets, Organisational Buying Behaviour, Consumer Behaviour and the Marketing Mix.
700 1# - ΠΡΟΣΘΕΤΗ ΑΝΑΓΡΑΦΗ--ΦΥΣΙΚΟ ΠΡΟΣΩΠΟ
Personal name Blythe Jim
9 (RLIN) 5528
942 ## - ADDED ENTRY ELEMENTS (KOHA)
Koha item type Books
Holdings
Τύπος τεκμηρίου Βιβλιοθήκη Τρέχουσα τοποθεσία Barcode Αριθμός εισαγωγής Ημερομηνία απόκτησης Ταξιθετικό σύμβολο Αριθμός αντιτύπου Κατάσταση απόσυρσης Κατάσταση χαμένου Κατάσταση κατεστραμμένου Μη δανεισμός Σύνολο δανεισμών Ημερομηνία τελευταίας εμφάνισης Η τιμή ισχύει από
Books MC Athens Campus Library MC Athens Campus Library 9780000064462 5746 05/06/2025 658.8/342 BLY 1           05/06/2025 05/06/2025

MC Athens Campus Library
Πατησίων 94 & Κοδριγκτώνος 13, 104 34
Πελλήνης 8 & Πατησίων 107, 112 51
Τ: +30 210 8899600

MC Thessaloniki Campus Library
Ίωνος Δραγούμη 21, 54625 | Ίωνος Δραγούμη 15, 54625
Τ: +30 2310 287779 – Τ: +30 2314 440300